| 000 | 00363nam a22001457a 4500 | ||
|---|---|---|---|
| 003 | OSt | ||
| 005 | 20160727222417.0 | ||
| 008 | 160625b xxu||||| |||| 00| 0 eng d | ||
| 040 | _cTEST | ||
| 100 |
_91153 _aEaton, C |
||
| 245 | _aA Histroy of the Old South | ||
| 260 |
_aNEW YORK _bTHE MACMILLIAN COM. _c1966 |
||
| 300 | _aA Histroy of the Old South | ||
| 942 |
_2ddc _cBK |
||
| 999 |
_c934 _d934 |
||